00342nam a22001217a 450000500170000000800410001702000180005804100080007610000370008424500470012126000430016830000090021120190430171145.0190430b xxu||||| |||| 00| 0 eng d a9789933381301 aeng aBhui,Bikas Chandra & Chatterjee  aMathematics II Probability and Statistics  aGaziabadbVikas Publishing Housec2019 a483p